00383nam a2200157Ia 4500008004100000020001800041082001800059100002200077245002600099250000600125260002500131300001300156500002400169650001400193700001800207230525s9999 xx 000 0 und d a81-239-0657-9 a620.112 bBAS aB.S.Basavarajaiah 0aStrength of Materials a2 aNew DelhibCBSc2014 aVI,643P; aQuantity Number: 2 aMechanics aP.Mahadevappa